000 01719cam a2200361 a 4500
001 2397402
003 OSt
005 20121204201329.0
008 851016s1985 sa b 001 0 eng
010 _a 85216471
020 _a0864860331 (pbk.)
040 _aDLC
_cDLC
_dDLC
043 _af-sa---
050 0 0 _aHV7150.5
_b.C75 1985
082 0 0 _a364 CRI
245 0 0 _aCrime and power in South Africa :
_bcritical studies in criminology /
_cedited by Dennis Davis and Mana Slabbert.
260 _aCape Town :
_bD. Philip,
_c1985.
300 _a138 p. ;
_c22 cm.
500 _aCover title: Crime & power in South Africa.
500 _aIncludes index.
504 _aBibliography: p. [125]-136.
505 0 _aCriminology and South Africa / Dennis Davis -- Problems facing criminological researchers in South Africa / Mana Slabbert -- Breaking the web / Don Pinnock -- Political trials in South Africa / Dennis Davis -- Liquor, the state, and urban blacks / Wilfried Schärf -- Reforming women / Andrea Durbach -- From dompas to disc / Mark Sher -- Violence on cinema and television and in the streets / Mana Slabbert -- Shebeens in the Cape Peninsula / Wilfried Schärf -- Drubs and moral panic / Cathi Albertyn.
650 0 _aCrime
_zSouth Africa.
_92074
650 0 _aCriminal justice, Administration of
_zSouth Africa.
_92075
700 1 _aDavis, Dennis.
_92076
700 1 _aSlabert, Mana.
_92077
740 0 _aCrime & power in South Africa.
906 _a7
_bcbc
_corignew
_d3
_encip
_f19
_gy-gencatlg
942 _2ddc
_cBK
999 _c760
_d760